|
|
|
|
| LEADER |
00000cac a2200000 a 4500 |
| 001 |
52570 |
| 003 |
Ucuenca |
| 005 |
20230308215121.0 |
| 008 |
000000|1959 sp||||||||r|||||||||||spa|| |
| 040 |
|
|
|b spa
|
| 041 |
1 |
|
|a spa
|
| 082 |
0 |
|
|a 801
|
| 245 |
|
|
|a Teoría literaria
|c René Wellek y Austin Warren, traducción de José Ma. Gimeno Capella, Dirigida por Dámaso Alonso
|h imp
|
| 250 |
|
|
|a 2a. ed., ampliada y corregida
|
| 264 |
|
|
|a Madrid
|b Gredos
|c 1959
|
| 300 |
|
|
|a 418 páginas:
|c 20 cm
|
| 490 |
|
|
|a Biblioteca Románica Hispánica
|n no. 2
|p Tratados y Monografías
|v I
|
| 504 |
|
|
|a incl. ref.
|
| 650 |
|
|
|a Teoria literaria
|9 1546
|
| 650 |
|
0 |
|a Funcion literaria
|9 26136
|
| 650 |
|
0 |
|a Literatura
|9 131
|
| 700 |
1 |
|
|a Wellek, René.
|d 1903-1995
|9 218388
|
| 700 |
1 |
|
|a Warren, Austin
|9 218387
|
| 852 |
|
|
|a UC-CDJBV
|f Compra
|l 1
|m General
|p 00000000
|r 2
|t 52570
|b 0
|d CDRC
|e CDRC
|g 400 ESTANTERIA CERRADA
|z 0000-00-00
|
| 942 |
|
|
|c CR
|z lourdes.naula@ucuenca.edu.ec
|
| 999 |
|
|
|c 129835
|d 129835
|